000 02892cam a22004574i 4500
003 PE-LiUPU
005 20250731172927.0
008 170522s1946 miu r 000 0 spa d
035 _a(Sirsi) a204023
040 _aPE-LiUPU
040 _aPE-LiUPU
_bspa
_cPE-LiUPU
_erda
049 _aPRUA
082 0 4 _a222.11
_bT48
_220
100 1 _aThomas, W. H. Griffith,
_d1861-1924,
_eautor.
245 1 0 _aGenesis, a devotional commentary /
_c W.H. Griffith Thomas.
264 1 _aGrand Rapids, Michigan :
_bWm. B. Eerdmans publishing company,c1946.
300 _a507 pages ;
_c23 centimeters
336 _atext
_2rdacontent
337 _aunmediated
_2rdamedia
338 _avolume
_2rdacarrier
505 0 _aThe cration -- The foundations of human life -- The fall -- Cain and Abel -- Human progress -- Before the flood -- At the flood -- After the flood -- The new era -- A believer´s fall -- A wide outlook -- The tower of babel -- The call of Abraham -- The testing -- The separation -- A new emergency -- The test of victory -- The great encouragement -- The confirmation of faith -- A false step -- The covenant renewed -- Fellowship with God -- The ministry of intercession -- The story of Lot -- An old sin repeated -- Joy and sorrow -- The Daily round -- The supreme crisis -- Death in the home -- The evening of life -- The model servant -- The father of the faithful -- The birth of Jacob -- The birthright -- Isaac -- The blessing -- An interlude -- Bethel -- The new life -- Inthe shadows -- Turning homewards -- God's host for man's help -- Peniel- The face of God -- After Peniel -- Results of Unfaithfulness -- Bethel at last -- The school of sorrow -- "A profane person" -- Joseph's early life -- A family shame -- In Egypt -- In prison -- Exaltation -- The prime minister -- The awakening of conscience -- Divine Discipline -- Reconciliation -- Into Egypt -- The new home -- A wise ruler -- A life's sunset -- Father an sons -- Light at eventide -- Joseph's later life -- "Thou worn Jacob" -- "A fruitful bough" -- A type of Christ.
526 _aSEG42
526 _aSEG41
526 _aSEG40
526 _aSEG39
526 _aP94
526 _aP87
526 _aP86
526 _aP85
526 _aP77
526 _aP76
526 _aP35
650 0 4 _aBibia
_pGenesis
_xComentarios.
910 _ajck
_bncf
_cncf
_d20170522
942 _2ddc
_cBOOK
949 _a222.11 T48
_wDEWEY
_c1
_i75787
_lCCODEBUL1
_mBUL
_p14.13
_r0
_sY
_tBOOK
_u2017-05-22
_xPOSGRADO
_zMA.TEOLOGIA
_0DONACION
_o.STAFF. Colección Teologia
994 _aC0
_bPEPRU
596 _a1
999 _a222.11 T48
_wDEWEY
_c20402
_i75787
_d20402
_e2022-5-31
_f2021-11-9
_g4
_lCCODEBUL1
_mBUL
_n1
_p14.13
_q3
_r0
_sY
_tBOOK
_u2017-5-22
_xTEOLOGIA
_PP85
_0COMPRA
_o.STAFF. Colección Teologia
980 _81
_gALBERTO SANCHEZ Responsable de Automatización